<?xml version="1.0" encoding="UTF-8"?>
<record
    xmlns:xsi="http://www.w3.org/2001/XMLSchema-instance"
    xsi:schemaLocation="http://www.loc.gov/MARC21/slim http://www.loc.gov/standards/marcxml/schema/MARC21slim.xsd"
    xmlns="http://www.loc.gov/MARC21/slim">

  <leader>00817nam a2200241 i 4500</leader>
  <controlfield tag="001">60027</controlfield>
  <controlfield tag="003">ES-MaACL</controlfield>
  <controlfield tag="005">20240322170041.0</controlfield>
  <controlfield tag="007">t|</controlfield>
  <controlfield tag="008">031103s1951    fr           ||||1| fre d</controlfield>
  <datafield tag="245" ind1="0" ind2="2">
    <subfield code="a">L'Espagne / </subfield>
    <subfield code="c">Dor&#xE9; Ogrizek ; avant-propos par Joseph Peyr&#xE9; ; textes de, Suzanne Chantal ... [et al.] ; illustrations de Beuville.</subfield>
  </datafield>
  <datafield tag="260" ind1=" " ind2=" ">
    <subfield code="a">Paris : </subfield>
    <subfield code="b">O.D.E., </subfield>
    <subfield code="c">[1951] (</subfield>
    <subfield code="e">Saint-Ouen : </subfield>
    <subfield code="f">Gaston Maillet)</subfield>
  </datafield>
  <datafield tag="300" ind1=" " ind2=" ">
    <subfield code="a">414 p. ; </subfield>
    <subfield code="c">17 cm.</subfield>
  </datafield>
  <datafield tag="490" ind1="1" ind2=" ">
    <subfield code="a">Le monde en coleurs</subfield>
  </datafield>
  <datafield tag="600" ind1="0" ind2="4">
    <subfield code="a">Ogrizek, Dor&#xE9;.</subfield>
    <subfield code="9">86581</subfield>
  </datafield>
  <datafield tag="600" ind1="1" ind2="4">
    <subfield code="a">Beuville.</subfield>
    <subfield code="9">185630</subfield>
  </datafield>
  <datafield tag="651" ind1=" " ind2="4">
    <subfield code="a">Espa&#xF1;a-</subfield>
    <subfield code="x">Descripci&#xF3;n.</subfield>
    <subfield code="9">8184</subfield>
  </datafield>
  <datafield tag="700" ind1="1" ind2=" ">
    <subfield code="a">Peyr&#xE9;, Joseph.</subfield>
    <subfield code="9">91595</subfield>
  </datafield>
  <datafield tag="700" ind1="1" ind2=" ">
    <subfield code="a">Chantal, Suzanne,</subfield>
    <subfield code="d">1908-1994</subfield>
    <subfield code="9">37982</subfield>
  </datafield>
  <datafield tag="830" ind1="0" ind2=" ">
    <subfield code="a">Le monde en coleurs</subfield>
    <subfield code="9">230541</subfield>
  </datafield>
  <datafield tag="852" ind1=" " ind2=" ">
    <subfield code="a">ES-MaACL</subfield>
    <subfield code="j">D-7961 </subfield>
    <subfield code="b">R.31976</subfield>
  </datafield>
  <datafield tag="999" ind1=" " ind2=" ">
    <subfield code="c">60027</subfield>
    <subfield code="d">60027</subfield>
  </datafield>
  <datafield tag="952" ind1=" " ind2=" ">
    <subfield code="0">0</subfield>
    <subfield code="1">0</subfield>
    <subfield code="4">0</subfield>
    <subfield code="7">0</subfield>
    <subfield code="a">ATENEOM</subfield>
    <subfield code="b">ATENEOM</subfield>
    <subfield code="c">SVI</subfield>
    <subfield code="d">2008-01-17</subfield>
    <subfield code="e">SC</subfield>
    <subfield code="l">0</subfield>
    <subfield code="o">D-7961</subfield>
    <subfield code="p">901062956</subfield>
    <subfield code="r">2023-02-23 00:00:00</subfield>
    <subfield code="w">2023-02-23</subfield>
    <subfield code="y">MONOGRAFIA</subfield>
  </datafield>
</record>
